Derecho a la salud, perspectiva de gňero y multiculturalismo

Detalles Bibliográficos
Autor principal: Villanueva Flores, Roco̕
Formato: Desconocido
Lenguaje:español
Publicado: Lima : Palestra Editores , 2009
Materias:
Acceso en línea:Acceso restringido

MARC

LEADER 00000ny a22000003n 4500
005 20110623182539.0
008 100329s pe 000 0 spa d
020 |a 9786124047060 
035 |a 4881 
040 |a BUS  |d vlex 
040 |d vlex 
090 |c 1106  |d 1106 
100 1 |a Villanueva Flores, Roco̕ 
245 1 0 |a Derecho a la salud, perspectiva de gňero y multiculturalismo  |h [Recurso electrn̤ico]  |c Roco̕ Villanueva Flores  
256 |6 Servicio en ln̕ea 
260 |a Lima :  |b Palestra Editores ,  |c 2009 
300 |a v. 
506 1 |a Contenido solo disponible en los productos indicados  |d vLex Global  |d vLex Global (Academic Edition, excluding Law Schools)  |d vLex Global (U.S. Academic Edition, Law Schools)  |d vLex Global (U.S. Academic Edition, excluding Law Schools)  |d vLex Global (Academic Edition, Law Schools) 
650 0 4 |a Mujeres  |x Salud e higiene 
740 0 |a vLex Libros (Servicios en ln̕ea) 
856 4 0 |u http://vlex.com/source/4881  |z Acceso restringido 
942 |c BOOK